La unidad funcional (Record no. 118716)

MARC details
000 -LEADER
campo de control de longitud fija 00639nam a2200193 4500
001 - NÚMERO DE CONTROL
campo de control 118716
003 - IDENTIFICADOR DE NÚMERO DE CONTROL
campo de control ES-MaACL
005 - FECHA Y HORA DE LA ÚLTIMA TRANSACCIÓN
campo de control 20251005063109.0
007 - CAMPO FIJO DE DESCRIPCIÓN FÍSICA--INFORMACIÓN GENERAL
campo de control de longitud fija t|
008 - DATOS DE LONGITUD FIJA--INFORMACIÓN GENERAL
campo de control de longitud fija 070214q1910 sp r ||||1| spa d
100 1# - ENTRADA PRINCIPAL--NOMBRE DE PERSONA
Nombre de persona Pi Suñer, Augusto,
Fechas asociadas al nombre 1879-1965
9 (RLIN) 91726
245 13 - MENCIÓN DEL TÍTULO
Título La unidad funcional
Resto del título : (ensayos de fisiología interorgánica) /
Mención de responsabilidad, etc. Augusto Pi Suñer.
260 ## - PUBLICACIÓN, DISTRIBUCIÓN, ETC.
Lugar de publicación, distribución, etc. Barcelona :
Nombre del editor, distribuidor, etc. Minerva,
Fecha de publicación, distribución, etc. [1910?]
300 ## - DESCRIPCIÓN FÍSICA
Extensión 350 p. ;
Dimensiones 18 cm.
490 1# - MENCIÓN DE SERIE
Mención de serie Biblioteca de cultura moderna y contemporánea
830 0# - PUNTO DE ACCESO ADICIONAL DE SERIE-TÍTULO UNIFORME
Título uniforme Biblioteca de cultura moderna y contemporánea
9 (RLIN) 181123
852 ## - LOCALIZACIÓN
Ubicación ES-MaACL
Número de control de estantería F-599
Holdings
Estatus retirado Estado de pérdida Estado de daño No para préstamo Biblioteca de origen Biblioteca actual Ubicación en estantería Fecha de adquisición Fuente de adquisición Total de préstamos Signatura topográfica completa Código de barras Visto por última vez Precio de reemplazo Tipo de ítem Koha
        Biblioteca del Ateneo de Madrid Biblioteca del Ateneo de Madrid Depósito 2 17/01/2008     F-599 1123759 23/02/2023 23/02/2023 Libro impreso